000 00463nam a2200169Ia 4500
003 GCL
008 140319s9999 xx 000 0 eng d
040 _aGCL /
_cGCL
082 0 4 _a624
_bG C
100 1 _aGUPTA, RAJIV
245 1 0 _aCONSTRUCTION PLANNING AND TECHNOLOGY /
_cGUPTA, RAJIV
260 _a[S.N] :
_bCBS PUBLISHERS & DISTRIBUTORS ،
_c1994
300 _a382 P
650 0 4 _aCIVIL ENGINEERING
650 0 4 _aCONSTRUCTION ENGINEERING
942 _2ddc
_cBK
999 _c20429
_d20429